Необычные инновации в гостиничном сервисе; Актуальные проблемы гуманитарных наук

Manylion Llyfryddiaeth
Parent link:Актуальные проблемы гуманитарных наук.— 2009.— С. 69-70
Prif Awdur: Асочакова А. И.
Iaith:Rwseg
Cyhoeddwyd: 2009
Pynciau:
Fformat: MixedMaterials Pennod Llyfr
KOHA link:https://koha.lib.tpu.ru/cgi-bin/koha/opac-detail.pl?biblionumber=194973

MARC

LEADER 00000naa2a2200000 4500
001 194973
005 20231031182545.0
035 |a (RuTPU)RU\TPU\book\212651 
090 |a 194973 
100 |a 20110428d2009 k y0rusy50 ca 
101 0 |a rus 
102 |a RU 
200 1 |a Необычные инновации в гостиничном сервисе  |f А. И. Асочакова 
320 |a Библиогр.: 5 назв. 
463 0 |0 (RuTPU)RU\TPU\book\205117  |t Актуальные проблемы гуманитарных наук  |o труды VIII международной научно-практической конференции студентов, аспирантов и молодых ученых, г. Томск, 16-17 апреля 2009 г.  |f Томский политехнический университет (ТПУ)  |v С. 69-70  |d 2009  |p 466 с. 
610 1 |a инновации 
610 1 |a гостиницы 
610 1 |a гостиничный сервис 
610 1 |a услуги 
610 1 |a тренды 
610 1 |a труды учёных ТПУ 
700 1 |a Асочакова  |b А. И. 
801 1 |a RU  |b 63413507  |c 20110428 
942 |c BK